Online
Catalog

Constitución política y reformas constitucionales 1844 - 1942. (Record no. 4859)

MARC details
000 -CABECERA
campo de control de longitud fija 00834nam a2200217 a 4500
001 - NÚMERO DE CONTROL
campo de control 000005055
005 - FECHA Y HORA DE LA ÚLTIMA TRANSACCIÓN
campo de control 20200929151552.0
008 - DATOS DE LONGITUD FIJA--INFORMACIÓN GENERAL
campo de control de longitud fija 090729s1944 dr r 000 0 spa d
040 ## - FUENTE DE LA CATALOGACIÓN
Centro catalogador/agencia de origen DO-SdBNP
Lengua de catalogación spa
Centro/agencia transcriptor BNPHU
082 ## - NÚMERO DE LA CLASIFICACIÓN DECIMAL DEWEY
Número de clasificación 342.029
Número de documento/Ítem R426c
110 2# - ENTRADA PRINCIPAL--NOMBRE DE ENTIDAD CORPORATIVA
Nombre de entidad corporativa o nombre de jurisdicción como elemento de entrada República Dominicana.
9 (RLIN) 447
245 10 - MENCIÓN DE TÍTULO
Título Constitución política y reformas constitucionales 1844 - 1942.
260 ## - PUBLICACIÓN, DISTRIBUCIÓN, ETC.
Lugar de publicación, distribución, etc. Santiago de los Caballeros, República Dominicana
Fabricante El Diario,
Fecha de publicación, distribución, etc. 1944.
300 ## - DESCRIPCIÓN FÍSICA
Extensión 676 p. ;
Dimensiones 25 cm.
490 1# - MENCIÓN DE SERIE
Mención de serie Trujillo
Designación de volumen o secuencia 1
490 1# - MENCIÓN DE SERIE
Mención de serie Constitución política y reformas constitucionales
Designación de volumen o secuencia 2
500 ## - NOTA GENERAL
Nota general Edición del Gobierno Dominicano 1944
504 ## - NOTA DE BIBLIOGRAFÍA, ETC.
Nota de bibliografía, etc. Incluye referencias bibliográficas y notas al pie de las páginas
504 ## - NOTA DE BIBLIOGRAFÍA, ETC.
Nota de bibliografía, etc. Incluye bibliografías
830 #0 - PUNTO DE ACCESO ADICIONAL DE SERIE-TÍTULO UNIFORME
Título uniforme Trujillo
Número de parte o sección de la obra 1
Nombre de parte o sección de la obra Constitución política y reformas constitucionales; 2
9 (RLIN) 14541
Holdings
Estado de retiro Estado de pérdida No para préstamo Código de colección Localización permanente Ubicación/localización actual Ubicación en estantería Fecha de adquisición Número de inventario Total de préstamos Signatura topográfica completa Código de barras Fecha visto por última vez Precio válido a partir de Tipo de ítem Koha Restricciones de uso Número de copia
      Patrimonio Dominicano General General Orden iniciada 22.04.2013 LF1   342.029 R426c 5055-60 25.06.2020 25.06.2020 Libro y Folleto Colección Patrimonio Dominicano    
      Raros y valiosos General General En catalogación 20.01.2010 LF1   342.029 R426c 5055-30 25.06.2020 25.06.2020 Préstamo en sala   e. 3
      Raros y valiosos General General En catalogación 14.06.2011 LF1   342.029 R426c 5055-40 25.06.2020 25.06.2020 Préstamo en sala   e. 4
  Extraviado   Raros y valiosos General General Extraviado 12.07.2011 LF1   342.029 R426c 5055-50 25.06.2020 25.06.2020 Préstamo en sala   e. 5
    Excluido de préstamo Raros y valiosos Patrimonio Dominicano Patrimonio Dominicano Depósito 29.07.2009 LF1   342.029 R426c 5055-10 25.06.2020 25.06.2020 No se presta    
    Excluido de préstamo Raros y valiosos Patrimonio Dominicano Patrimonio Dominicano En catalogación 29.07.2009 LF1   342.029 R426c 5055-20 25.06.2020 25.06.2020 No se presta   e. 2

Powered by Koha